| 000 | 00580 a2200181 4500 | ||
|---|---|---|---|
| 999 |
_c183403 _d183403 |
||
| 005 | 20211224114228.0 | ||
| 010 | _aENG-130593 | ||
| 020 |
_a978-93-89538-77-9 _c725.00 |
||
| 035 | _aEN-114125 | ||
| 037 | _bDBAD/PUB | ||
| 082 | _a005.13 | ||
| 100 | _aHubbard, John R. | ||
| 245 |
_aProgramming With Java: _cJohn R. Hubbard |
||
| 260 |
_aChennai _bMcGraw Hill Education(india) Private Limited _c2022 |
||
| 270 |
_aAnjana Complex No.5 /90 A, Butt Road, St. Thomas Mount _bChennai _e600016 |
||
| 300 |
_a345p. _c28cm (pbk) |
||
| 942 |
_adpl _cEN _2ddc _h005.13 _mHUB |
||